Belgian City Flags Quiz - Statistics

General Stats
  • This quiz has been taken 33 times
  • The average score is 5 of 10
Answer Stats
Picture Answer % Correct
Brussels
90%
Antwerp
86%
Charleroi
67%
Ghent
67%
Bruges
52%
Mechelen
38%
Hasselt
33%
Kortrijk
33%
Genk
14%
Seraing
10%
No matching quizzes found
Score Distribution
Percent of People with Each Score
Percentile by Number Answered
Your Score History
You have not taken this quiz